<?xml version="1.0" encoding="UTF-8"?>
<record
    xmlns:xsi="http://www.w3.org/2001/XMLSchema-instance"
    xsi:schemaLocation="http://www.loc.gov/MARC21/slim http://www.loc.gov/standards/marcxml/schema/MARC21slim.xsd"
    xmlns="http://www.loc.gov/MARC21/slim">

  <leader>00996cam a22002771  4500</leader>
  <controlfield tag="001">21044</controlfield>
  <controlfield tag="003">BD-RjUL</controlfield>
  <controlfield tag="005">20211209000636.0</controlfield>
  <controlfield tag="008">140303s1907    enk           000 0 eng</controlfield>
  <datafield tag="035" ind1=" " ind2=" ">
    <subfield code="a">(BD-RjUL)21107</subfield>
  </datafield>
  <datafield tag="040" ind1=" " ind2=" ">
    <subfield code="a">DLC</subfield>
    <subfield code="c">DLC</subfield>
    <subfield code="d">DLC</subfield>
    <subfield code="d">BD-RjUL</subfield>
    <subfield code="b">eng</subfield>
  </datafield>
  <datafield tag="041" ind1=" " ind2=" ">
    <subfield code="a">eng</subfield>
  </datafield>
  <datafield tag="082" ind1="0" ind2="0">
    <subfield code="a">822.3</subfield>
    <subfield code="b">BEW 1907</subfield>
  </datafield>
  <datafield tag="100" ind1="1" ind2=" ">
    <subfield code="a">Beaumont, Francis,</subfield>
    <subfield code="d">1584-1616.</subfield>
    <subfield code="9">54879</subfield>
  </datafield>
  <datafield tag="245" ind1="0" ind2="4">
    <subfield code="a">The works of Francis Beaumont and John Fletcher /</subfield>
    <subfield code="c">Edited by A. R. Waller.</subfield>
    <subfield code="n">Volume V :</subfield>
    <subfield code="p"> A wife for a month. The lovers progress. The pilgrim. The captain. The prophetess.</subfield>
  </datafield>
  <datafield tag="260" ind1=" " ind2=" ">
    <subfield code="a">Cambridge :</subfield>
    <subfield code="b">University press,</subfield>
    <subfield code="c">1907.</subfield>
  </datafield>
  <datafield tag="300" ind1=" " ind2=" ">
    <subfield code="a">398 P. ;</subfield>
    <subfield code="c">20 cm.</subfield>
  </datafield>
  <datafield tag="490" ind1="0" ind2=" ">
    <subfield code="a">Cambridge English classics</subfield>
  </datafield>
  <datafield tag="600" ind1="1" ind2=" ">
    <subfield code="d"> Beaumont, Francis, -- 1584-1616. </subfield>
    <subfield code="9">54879</subfield>
  </datafield>
  <datafield tag="700" ind1="1" ind2=" ">
    <subfield code="a">Fletcher, John,</subfield>
    <subfield code="d">1579-1625,</subfield>
    <subfield code="e">joint author.</subfield>
    <subfield code="9">54881</subfield>
  </datafield>
  <datafield tag="700" ind1="1" ind2=" ">
    <subfield code="a">Glover, Arnold,</subfield>
    <subfield code="d">1865-1905,</subfield>
    <subfield code="e">ed.</subfield>
    <subfield code="9">65031</subfield>
  </datafield>
  <datafield tag="700" ind1="1" ind2=" ">
    <subfield code="a">Waller, Alfred Rayney,</subfield>
    <subfield code="d">1867-1922,</subfield>
    <subfield code="e">ed.</subfield>
    <subfield code="9">57707</subfield>
  </datafield>
  <datafield tag="942" ind1=" " ind2=" ">
    <subfield code="2">ddc</subfield>
    <subfield code="c">BK</subfield>
  </datafield>
  <datafield tag="999" ind1=" " ind2=" ">
    <subfield code="c">21044</subfield>
    <subfield code="d">21044</subfield>
  </datafield>
  <datafield tag="952" ind1=" " ind2=" ">
    <subfield code="0">0</subfield>
    <subfield code="1">0</subfield>
    <subfield code="2">ddc</subfield>
    <subfield code="4">0</subfield>
    <subfield code="7">2</subfield>
    <subfield code="8">NFIC</subfield>
    <subfield code="a">RUCL</subfield>
    <subfield code="b">RUCL</subfield>
    <subfield code="c">Reading</subfield>
    <subfield code="d">1963-02-12</subfield>
    <subfield code="e">Zeitlinger</subfield>
    <subfield code="g">30.00</subfield>
    <subfield code="l">0</subfield>
    <subfield code="o">822.3 BEW V-5 1907</subfield>
    <subfield code="r">2014-03-03 00:00:00</subfield>
    <subfield code="t">C-1</subfield>
    <subfield code="w">2014-03-03</subfield>
    <subfield code="y">BK</subfield>
  </datafield>
</record>
